Código de comercio y normas complementarias: con todos los valores agregados Legis jurisprudencia, doctrina, comentarios, concordancias y modelos Junio 2010-Junio 2011
Guardat en:
| Format: | Llibre |
|---|---|
| Idioma: | espanyol |
| Publicat: |
Santiago
Legis
2010
|
| Edició: | 5a. ed |
| Matèries: | |
| Etiquetes: |
Afegir etiqueta
Sense etiquetes, Sigues el primer a etiquetar aquest registre!
|
MARC
| LEADER | 00000nam a2200000 a 4500 | ||
|---|---|---|---|
| 001 | UCG2891 | ||
| 003 | CL-VaPUC | ||
| 008 | 100729e20100000CL |||||||||||||||||spa|d | ||
| 020 | |a 9789567498567 | ||
| 082 | 0 | 4 | |a 346.8307 |b COD |2 21 |
| 245 | 1 | 0 | |a Código de comercio y normas complementarias: con todos los valores agregados Legis jurisprudencia, doctrina, comentarios, concordancias y modelos Junio 2010-Junio 2011 |
| 250 | |a 5a. ed | ||
| 300 | |a 738 p | ||
| 942 | |c BK | ||
| 945 | |d 20100729 00:00:00 |a mfarfan | ||
| 260 | |a Santiago |b Legis |c 2010 | ||
| 650 | 0 | |a Código de comercio |9 329302 | |
| 650 | 0 | |a Síndico de quiebra |9 404573 | |
| 650 | 7 | |a QUIEBRAS |2 CL-VaPUC |9 329303 | |
| 650 | 0 | |a Protección del consumidor |9 474424 | |
| 650 | 0 | |a Sociedades anónimas |9 255387 | |
| 583 | |a last modification |c 20100729 00:00:00 |k Rodrigo Vera | ||
| 999 | |c 341994 |d 341992 | ||